[Event "Titled Tuesday intern op 19th Dec Early"]
[Site "Chess.com INT"]
[Date "2023.12.19"]
[Round "1"]
[White "Teterev, Vitaly"]
[Black "Shadhursshaan, R."]
[Result "1-0"]
[WhiteElo "2306"]
[BlackElo "2058"]
[PlyCount "113"]
[EventDate "2023.12.19"]
[EventType "swiss (blitz)"]
[EventRounds "11"]
[EventCountry "USA"]
[SourceTitle "CB52_2023"]
[SourceDate "2023.12.27"]
[SourceVersion "1"]
[SourceVersionDate "2023.12.27"]
[SourceQuality "1"]

1. e4 c6 2. d4 d5 3. exd5 cxd5 4. Bd3 Nc6 5. c3 Nf6 6. h3 g5 7. Bxg5 Bg7 8. Nf3 Ne4 9. Bf4 0-0 10. Nbd2 f5 11. Qe2 Qb6 12. Rb1 Be6 13. Ng5 Bd7 14. Qh5 h6 15. Ngf3 Be8 16. Qh4 Rf6 17. Ne5 Nxd2 18. Bxd2 Nxe5 19. dxe5 Rg6 20. 0-0 e6 21. Be3 Qc7 22. f4 Kh7 23. Kh2 Bc6 24. g4 Qf7 25. gxf5 exf5 26. Rg1 d4 27. Bxd4 Bxe5 28. Bxe5 Rag8 29. Qf2 Rg2+ 30. Rxg2 Rxg2+ 31. Qxg2 Bxg2 32. Rg1 Be4 33. Bxe4 fxe4 34. Rg7+ Qxg7 35. Bxg7 Kxg7 36. Kg3 Kf6 37. Kf2 Kf5 38. Ke3 h5 39. c4 a5 40. b3 b6 41. a3 h4 42. b4 a4 43. c5 bxc5 44. bxc5 Ke6 45. Kxe4 Kd7 46. Kd5 Ke7 47. c6 Kf6 48. c7 Kf5 49. c8Q+ Kxf4 50. Qg4+ Ke3 51. Qe4+ Kd2 52. Qf3 Kc2 53. Kc4 Kb2 54. Kb4 Ka2 55. Qe2+ Ka1 56. Kc3 Kb1 57. Qb2# 1-0

[Event "Sivakasi Mahalingam Cup"]
[Site "Sivakasi"]
[Date "2023.07.24"]
[Round "8"]
[White "Shadhursshaan, R."]
[Black "Rohith, S2222"]
[Result "0-1"]
[WhiteElo "1681"]
[BlackElo "1756"]
[PlyCount "92"]
[EventDate "2023.07.21"]
[EventType "swiss"]
[EventRounds "9"]
[EventCountry "IND"]
[SourceTitle "EXT 2024"]
[Source "ChessBase"]
[SourceDate "2023.10.10"]
[SourceVersion "1"]
[SourceVersionDate "2023.10.10"]
[SourceQuality "1"]

1. d4 Nf6 2. c4 g6 3. Nc3 Bg7 4. e4 d6 5. Bd3 0-0 6. Nge2 Nc6 7. 0-0 e5 8. d5 Nd4 9. f4 Nxe2+ 10. Bxe2 exf4 11. Bxf4 Nd7 12. Qd2 a6 13. Kh1 Ne5 14. b4 Bd7 15. c5 a5 16. cxd6 cxd6 17. b5 a4 18. Rac1 Qa5 19. h3 Rfc8 20. Nb1 Qd8 21. Bg5 Qe8 22. Qb4 h6 23. Bf4 Bf8 24. Nc3 a3 25. b6 g5 26. Bg3 g4 27. h4 Qd8 28. Qd4 Bg7 29. Qf2 Qe8 30. Bf4 Ra5 31. Qe3 Rac5 32. Nb1 Qd8 33. g3 Rxc1 34. Rxc1 Rxc1+ 35. Qxc1 Qxb6 36. Nxa3 Qd4 37. Qe3 Qa1+ 38. Qc1 Qd4 39. Qc2 Nf3 40. Bxf3 gxf3 41. Nc4 f2 42. Ne3 Qxe3 43. Bxe3 f1Q+ 44. Kh2 Qh3+ 45. Kg1 Qxg3+ 46. Kh1 Bg4 0-1

[Event "IND-ch U18 31st"]
[Site "Pollachi"]
[Date "2022.04.19"]
[Round "4"]
[White "Manish, Anto Cristiano F"]
[Black "Shadhursshaan, R."]
[Result "1-0"]
[WhiteElo "2129"]
[BlackElo "1676"]
[PlyCount "61"]
[EventDate "2022.04.18"]
[EventType "swiss"]
[EventRounds "11"]
[EventCountry "IND"]
[SourceTitle "EXT 2023"]
[Source "ChessBase"]
[SourceDate "2022.10.05"]
[SourceVersion "1"]
[SourceVersionDate "2022.10.05"]
[SourceQuality "1"]

1. d4 Nf6 2. c4 e6 3. Nf3 b6 4. g3 Bb7 5. Bg2 c5 6. 0-0 Be7 7. d5 exd5 8. Nh4 0-0 9. cxd5 d6 10. Nf5 Re8 11. Nxe7+ Qxe7 12. Nc3 Ba6 13. Re1 b5 14. a4 b4 15. Nb5 Bxb5 16. axb5 Nbd7 17. e4 Nb6 18. e5 dxe5 19. d6 Qd8 20. Bxa8 Qxa8 21. Be3 Nbd7 22. Qa4 h5 23. Bg5 Ne4 24. Qxa7 Qxa7 25. Rxa7 Nxg5 26. Rxd7 Nf3+ 27. Kf1 Nxe1 28. Kxe1 Rb8 29. Rc7 Kf8 30. b6 Ke8 31. b7 1-0

[Event "Sivagangai Tamilnadu op U11 32th"]
[Site "Sivagangai Tamilnadu"]
[Date "2018.08.05"]
[Round "11.8"]
[White "Shadhursshaan, R."]
[Black "Souhardo, Basak"]
[Result "0-1"]
[WhiteElo "1558"]
[BlackElo "1765"]
[PlyCount "128"]
[EventDate "2018.07.28"]
[EventType "swiss"]
[EventRounds "11"]
[EventCountry "IND"]
[SourceTitle "EXT 2024"]
[Source "ChessBase"]
[SourceDate "2023.10.10"]
[SourceVersion "1"]
[SourceVersionDate "2023.10.10"]
[SourceQuality "1"]

1. d4 Nf6 2. c4 g6 3. Nc3 Bg7 4. Bg5 0-0 5. Nf3 d6 6. e4 Na6 7. h3 h6 8. Be3 e5 9. d5 Nc5 10. Bxc5 dxc5 11. Bd3 Ne8 12. 0-0 f5 13. exf5 gxf5 14. Bc2 Nd6 15. Qe2 e4 16. Nd2 Qg5 17. Kh1 Bd7 18. Rae1 Rae8 19. a3 Kh8 20. Nd1 Rg8 21. Rg1 Bd4 22. b4 b6 23. Bb1 Qh4 24. Qf1 Ba4 25. g3 Qh5 26. Ne3 Bc3 27. Re2 Bd7 28. f4 exf3 29. Qxf3 Qxf3+ 30. Nxf3 Bd4 31. Rge1 Rxg3 32. Nxd4 cxd4 33. Nf1 Rxh3+ 34. Kg2 Rxe2+ 35. Rxe2 Rxa3 36. Re7 Rb3 37. Rxd7 Rxb1 38. c5 Nb5 39. c6 Rxb4 40. d6 Nxd6 41. Rxc7 Rc4 42. Rxa7 Rxc6 43. Kf3 b5 44. Kf4 Rc5 45. Nd2 Rd5 46. Nf3 d3 47. Ne5 Rd4+ 48. Ke3 Re4+ 49. Kxd3 Rxe5 50. Rd7 Rd5+ 51. Ke2 b4 52. Rc7 b3 53. Rc1 Ne4 54. Ke3 b2 55. Rb1 Nc3 56. Rxb2 Nd1+ 57. Kf4 Nxb2 58. Kf3 Rd4 59. Ke3 Re4+ 60. Kf3 Nd3 61. Kg3 f4+ 62. Kf3 Re3+ 63. Kg2 f3+ 64. Kf1 Re1# 0-1